书目信息 |
| 题名: |
强化学习与深度学习
|
|
| 作者: | 小高知宏 著 ;张小猛 译 | |
| 分册: | ||
| 出版信息: | 北京 机械工业出版社 2019.07 |
|
| 页数: | 159页 | |
| 开本: | 24cm | |
| 丛书名: | ||
| 单 册: | ||
| 中图分类: | TP181 | |
| 科图分类: | ||
| 主题词: | 机器学习--ji qi xue xi--研究 | |
| 电子资源: | ||
| ISBN: | 978-7-111-62718-0 | |
| 000 | 01212nam0 2200289 450 | |
| 001 | CAL 0120192820559 | |
| 005 | 20190819113136.4 | |
| 010 | @a978-7-111-62718-0@dCNY59.00 | |
| 100 | @a20190819d2019 em y0chiy50 ea | |
| 101 | 1 | @achi@cjpn |
| 102 | @aCN@b110000 | |
| 105 | @aa a 000yy | |
| 106 | @ar | |
| 200 | 1 | @a强化学习与深度学习@Aqiang hua xue xi yu shen du xue xi@e通过C语言模拟@f(日) 小高知宏著@F( ri ) xiao gao zhi hong zhu@g张小猛译 |
| 210 | @a北京@c机械工业出版社@d2019.07 | |
| 215 | @a159页@c图@d24cm | |
| 306 | @a由Ohmsha授权出版 | |
| 320 | @a有书目 | |
| 330 | @a本书共4章。第1章介绍了人工智能、机器学习、深度学习、强化学习的基本概念。第2章以Q学习为例, 重点介绍了强化学习的原理、算法步骤、代码实现、代码运行调试。第3章先对深度学习的几种常见的类型和原理进行介绍, 然后给出了例程和调试方法。第4章以Q学习中运用神经网络为例, 介绍了深度强化学习的基本原理和方法, 同时也给出了例程和调试方法。 | |
| 517 | 1 | @a通过C语言模拟@Atong guo C yu yan mo ni |
| 586 | @a | |
| 606 | 0 | @a机器学习@Aji qi xue xi@x研究 |
| 690 | @aTP181@v5 | |
| 701 | 0 | @a小高知宏@Axiao gao zhi hong@4著 |
| 702 | 0 | @a张小猛@Azhang xiao meng@4译 |
| 801 | 0 | @aCN@c20190819 |
| 905 | @a河南城建学院图书馆@dTP181@eX375@f2 | |
| 强化学习与深度学习:通过C语言模拟/(日) 小高知宏著/张小猛译.-北京:机械工业出版社,2019.07 |
| 159页:图;24cm |
| ISBN 978-7-111-62718-0:CNY59.00 |
| 本书共4章。第1章介绍了人工智能、机器学习、深度学习、强化学习的基本概念。第2章以Q学习为例, 重点介绍了强化学习的原理、算法步骤、代码实现、代码运行调试。第3章先对深度学习的几种常见的类型和原理进行介绍, 然后给出了例程和调试方法。第4章以Q学习中运用神经网络为例, 介绍了深度强化学习的基本原理和方法, 同时也给出了例程和调试方法。 |
| ● |
| 相关链接 |
|
|
|
正题名:强化学习与深度学习
索取号:TP181/X375
 
预约/预借
| 序号 | 登录号 | 条形码 | 馆藏地/架位号 | 状态 | 备注 |
| 1 | 1416058 | 214160584 | 自科库301/301自科库 39排2列5层/ [索取号:TP181/X375] | 在馆 | |
| 2 | 1416059 | 214160593 | 自科库301/301自科库 39排2列5层/ [索取号:TP181/X375] | 在馆 |